000
00294nam a2200121 a 4500
001
000003306
005
20200929150417.0
008
090707s2008 000 spa d
020
_a
9789945001280
245
0
_a
Cuentos infantiles. Tomo 3.
260
_a
Santo Domingo,
_c
2008.
999
_c
3137
_d
3137
040
_a
DO-SdBNP